Blizzard! (Record no. 3199)

MARC details
000 -LEADER
fixed length control field 01224cam a2200325 a 4500
001 - CONTROL NUMBER
control field 3199
003 - CONTROL NUMBER IDENTIFIER
control field FISKH
005 - DATE AND TIME OF LATEST TRANSACTION
control field 20250320143526.0
008 - FIXED-LENGTH DATA ELEMENTS--GENERAL INFORMATION
fixed length control field 990308s2000 nyua c b 001 0 eng
010 ## - LIBRARY OF CONGRESS CONTROL NUMBER
LC control number 99024894
020 ## - INTERNATIONAL STANDARD BOOK NUMBER
International Standard Book Number 0590673092
020 ## - INTERNATIONAL STANDARD BOOK NUMBER
International Standard Book Number 9780590673105
040 ## - CATALOGING SOURCE
Original cataloging agency DLC
Transcribing agency DLC
Modifying agency DLC
Language of cataloging eng
042 ## - AUTHENTICATION CODE
Authentication code lcac
043 ## - GEOGRAPHIC AREA CODE
Geographic area code n-us-ny
050 00 - LIBRARY OF CONGRESS CALL NUMBER
Classification number F128.47
Item number .M96 2000
082 00 - DEWEY DECIMAL CLASSIFICATION NUMBER
Classification number 974.7/1041
Edition number 21
100 1# - MAIN ENTRY--PERSONAL NAME
Personal name Murphy, Jim,
Dates associated with a name 1947-
245 10 - TITLE STATEMENT
Title Blizzard!
Remainder of title the storm that changed America /
Statement of responsibility, etc. Jim Murphy.
260 ## - PUBLICATION, DISTRIBUTION, ETC.
Place of publication, distribution, etc. New York :
Name of publisher, distributor, etc. Scholastic,
Date of publication, distribution, etc. 2000.
300 ## - PHYSICAL DESCRIPTION
Extent 136 pages :
Other physical details illustrations ;
Dimensions 26 cm.
504 ## - BIBLIOGRAPHY, ETC. NOTE
Bibliography, etc. note Includes bibliographical references and index.
520 ## - SUMMARY, ETC.
Summary, etc. Presents a history, based on personal accounts and newspaper articles, of the massive snow storm that hit the Northeast in 1888, focusing on the events in New York City.
650 #0 - SUBJECT ADDED ENTRY--TOPICAL TERM
Topical term or geographic name entry element Blizzards
Geographic subdivision New York (State)
-- New York
General subdivision History
Chronological subdivision 19th century
Form subdivision Juvenile literature.
650 #1 - SUBJECT ADDED ENTRY--TOPICAL TERM
Topical term or geographic name entry element Blizzards
Geographic subdivision New York (State)
-- New York.
651 #0 - SUBJECT ADDED ENTRY--GEOGRAPHIC NAME
Geographic name New York (N.Y.)
General subdivision History
Chronological subdivision 1865-1898
Form subdivision Juvenile literature
651 #1 - SUBJECT ADDED ENTRY--GEOGRAPHIC NAME
Geographic name New York (N.Y.)
General subdivision History
Chronological subdivision 1865-1898.
906 ## - LOCAL DATA ELEMENT F, LDF (RLIN)
a 7
b cbc
c orignew
d 1
e ocip
f 19
g y-gencatlg
942 ## - ADDED ENTRY ELEMENTS (KOHA)
Source of classification or shelving scheme Dewey Decimal Classification
Koha item type Books
Suppress in OPAC No
Holdings
Withdrawn status Lost status Source of classification or shelving scheme Damaged status Not for loan Collection Home library Current library Shelving location Date acquired Total Checkouts Full call number Barcode Date last seen Copy number Price effective from Koha item type
    Dewey Decimal Classification     Non-Fiction Footprints International School Library Network Toul Kork Campus Footprints International School Library Network Toul Kork Campus   02/19/2024   MUR 974.7 F128.M96 FISSE01251 02/19/2024 1 02/19/2024 Books
    Dewey Decimal Classification     Non-Fiction Footprints International School Library Network Toul Tom Poung Campus Footprints International School Library Network Toul Tom Poung Campus TTP Secondary Non-Fiction Bookshelves 03/20/2025   MUR 974.7 F128.M96 FIS04704 03/20/2025 2 03/20/2025 Books